| 000 | 00568nam a2200229Ia 4500 | ||
|---|---|---|---|
| 003 | OSt | ||
| 005 | 20220916111008.0 | ||
| 006 | a|||||r|||| 00| 0 | ||
| 007 | ta | ||
| 008 | 220915b |||||||| |||| 00| 0 kan d | ||
| 024 | _a90,664 | ||
| 037 | _cTextbook | ||
| 040 |
_bkan _aARTS _cARTS |
||
| 041 | _akan | ||
| 082 | _aO33, 3NMA4,2, K9 | ||
| 100 | _aMallika Au. | ||
| 245 | 0 | _aDoctor Kamaksh | |
| 260 | _c1969 | ||
| 650 | _aKANNAD FICTION; KANNAD LITERATURE | ||
| 942 |
_hO33, 3NMA4,2, K9 _cTB _2CC |
||
| 999 |
_c102905 _d102905 |
||